Responses for Show #4161 - Monday, October 7, 2002

Mark Brown game 3.

Contestants

[<< previous game]

Kris Markman, a graduate student from Austin, Texas

Steve Dalzell, an Army officer from Washington, D.C.

Mark Brown, an administrative assistant and father from Peoria, Arizona (whose 2-day cash winnings total $21,499)

[next game >>]

Jeopardy! Round responses

RIVERS
REMAKES
WORLD LEADERS
TINY THINGS
SEWING
"I" OBJECT
    $200 1
(Kris: What is the Jordan?)

the Nile

SteveKris
    $200 17
the Mayflower

Kris
    $200 6
Pope John Paul II

Mark
    $200 16
pollen

Mark
    $200 26
buttonholes

Steve
    $200 11
an igloo

Steve
    $400 2
the Potomac

Mark
    $400 18
Pac-Man

Steve
    $400 7
Hosni Mubarak

Mark
    $400 22
oil

Kris
    $400 27
zipper

Mark
    $400 12
inline skates

Mark
    $600 3
the Avon

Mark
    $600 19
the Bible

Mark
    $600 8
Georgia

Mark
    $600 23
milliseconds

Mark
    $600 28
patterns

Kris
    $600 13
an ingot

Mark
    $800 4
the Rhine

Mark
    $1,600 20
The Odd Couple

Mark
    $800 9
Argentina

Mark
    $800 24
(Mark: What are minerals?)
(Kris: What are nutrients?)
....
(Alex: Less than a minute to go now, Mark.)

trace elements

MarkKris
Triple Stumper
    $800 29
Tuck

Kris
    $800 14
(Alex: [*], yes, I love that car!)

Impala

Mark
    $1000 5
the Marne

Mark
    $1000 21
12 Angry Men

Steve
    $1000 10
Bhutan

Mark
    $1000 25
platelets

Mark
    $1000 30
a nap

Kris
    $1000 15
ibuprofen

Kris

Scores at the first commercial break (after clue 15):

Mark Steve Kris
$7,600 $400 $800

Scores at the end of the Jeopardy! Round:

Mark Steve Kris
$11,200 $2,000 $3,000

Double Jeopardy! Round responses

ANCIENT HISTORY
TOUGH CHICKS
SCIENCE & TECHNOLOGY
PUERTO RICAN HOLIDAYS
PULITZER-WINNING PLAYWRIGHTS
11-LETTER WORDS
    $400 1
Sicily

Mark
    $400 21
Batgirl

Steve
    $400 6
propeller

Mark
    $400 11
the 4th of July (Independence Day)

Mark
    $400 12
Tennessee Williams

Mark
    $400 26
a spreadsheet

Mark
    $800 2
Rameses the Great

Steve
    $800 22
(Mark: Who is Xena, Warrior Princess?)
...
(Alex: Minute to go now, Steve.)

Lucy Lawless

Mark
Triple Stumper
    $800 7
the arm

Mark
    $800 17
Labor Day

Steve
    $800 13
Arthur Miller

Mark
    $800 27
(Mark: What is a...)
(Steve: What is a numisist?)

a numismatist

MarkSteve
Triple Stumper
    $1200 3
(Mark: Who is Nebuchadnezzar?)

Hammurabi

MarkSteve
    $1200 23
Wonder Woman

Mark
    $1200 8
(Kris: What is a laser?)
....
(Alex: OK, we'll accept.)

light

MarkKris
    $1200 18
school

Mark
    $1200 14
Sam Shepard

Triple Stumper
    $1200 28
(Alex: And I hope you never have to go through one!)
[The end-of-round signal sounds.]

angioplasty

Triple Stumper
    $1600 4
Judah the Maccabee

Triple Stumper
    $1600 24
Emma Peel

Mark
    $1600 9
(Steve: What is a [**]?)
...
(Alex: That's acceptable; it's a [*], where they grow [**]s!)

wind farm (windmill)

Steve
    $1600 19
Three Kings Day

Steve
    $1600 15
William Saroyan

Triple Stumper
    $2000 5
Saint Augustine

Mark
    $2000 25
(Mark: Who is Jet Li?)
(Steve: Who is Lucy Liu?)

Michelle Yeoh

MarkSteveKris
    $3,000 10
(Steve: What is computer assisted?)
...
(Alex: Ohhh... yes, we'll accept that, since assist is a synonym of aid.)

computer aided design

Steve
    $2000 20
(Mark: What are Spain and France?)

Spain & the United States

MarkSteve
    $2000 16
(Alex: Glad that category is over. Let's go somewhere else!)

Edward Albee

Triple Stumper

Scores at the end of the Double Jeopardy! Round:

Mark Steve Kris
$15,200 $10,600 $6,200

[wagering suggestions for these scores]

Final Jeopardy! Round responses

MOVIE MUSIC
KrisWhat is Antz?
$3,200
SteveWhat is Antz
$9,600
MarkWhat is Antz
$6,200
Antz

Final scores:

Mark Steve Kris
$21,400 $20,200 $9,400
3-day champion: $42,899 2nd place: $2,000 3rd place: $1,000

Game dynamics:

Coryat scores:

Mark Steve Kris
$14,400 $9,600 $6,200
30 R
(including 1 DD),
6 W
13 R
(including 1 DD),
2 W
8 R,
2 W

Combined Coryat: $30,200

[game clues] [game scores] [suggest correction]

Game tape date: 2002-06-25
The J! Archive is created by fans, for fans. Scraping, republication, monetization, and malicious use prohibited; this site may use cookies and collect identifying information. See terms. The Jeopardy! game show and all elements thereof, including but not limited to copyright and trademark thereto, are the property of Jeopardy Productions, Inc. and are protected under law. This website is not affiliated with, sponsored by, or operated by Jeopardy Productions, Inc. Join the discussion at JBoard.tv.